[Event "GRE-chT Div-A 38th"]
[Site "Peristeri"]
[Date "2010.07.10"]
[Round "6"]
[White "Stiri, Alexandra"]
[Black "Ikonomopoulou, Maria"]
[Result "0-1"]
[WhiteElo "2215"]
[BlackElo "2066"]
[PlyCount "66"]
[EventDate "2010.07.05"]
[EventType "team-swiss"]
[EventRounds "7"]
[EventCountry "GRE"]
[SourceTitle "CBM 137 Extra"]
[Source "ChessBase"]
[SourceDate "2010.09.01"]
[SourceVersion "1"]
[SourceVersionDate "2010.09.01"]
[SourceQuality "1"]

1. e4 e6 2. d4 d5 3. Nd2 Nf6 4. e5 Nfd7 5. Bd3 c5 6. c3 Nc6 7. Ne2 cxd4 8. cxd4 f6 9. exf6 Nxf6 10. 0-0 Bd6 11. Nf3 0-0 12. Bf4 Bxf4 13. Nxf4 Ne4 14. g3 g5 15. Nh5 Bd7 16. Ne5 Be8 17. Nxc6 bxc6 18. Qg4 Kh8 19. f3 Qb6 20. fxe4 Qxd4+ 21. Kh1 Bxh5 22. Qxh5 Qxd3 23. Rfe1 dxe4 24. Qxg5 Qd5 25. Qe3 Rf3 26. Qe2 e3 27. Qg2 Raf8 28. Rad1 Qh5 29. g4 Qh4 30. Qc2 Qf6 31. Qc3 e5 32. Rc1 e2 33. Qxc6 Qxc6 0-1

[Event "GRE-chT Div-A 38th"]
[Site "Peristeri"]
[Date "2010.07.06"]
[Round "2"]
[White "Papadopoulou, Vera"]
[Black "Stiri, Alexandra"]
[Result "1-0"]
[WhiteElo "2242"]
[BlackElo "2215"]
[PlyCount "117"]
[EventDate "2010.07.05"]
[EventType "team-swiss"]
[EventRounds "7"]
[EventCountry "GRE"]
[SourceTitle "CBM 137 Extra"]
[Source "ChessBase"]
[SourceDate "2010.09.01"]
[SourceVersion "1"]
[SourceVersionDate "2010.09.01"]
[SourceQuality "1"]

1. d4 Nf6 2. c4 g6 3. Nc3 Bg7 4. e4 d6 5. Be2 0-0 6. Nf3 c5 7. d5 e6 8. 0-0 exd5 9. exd5 Na6 10. h3 Re8 11. Bd3 Bd7 12. Bf4 Nh5 13. Bg5 f6 14. Bd2 f5 15. Bg5 Qb6 16. Qd2 Nb4 17. Bb1 a5 18. a3 Na6 19. Bd3 Qb3 20. Rae1 Nc7 21. Re7 Rxe7 22. Bxe7 b5 23. Bxd6 bxc4 24. Bb1 Nb5 25. Bxc5 Nxc3 26. bxc3 Bxc3 27. Qa2 Rc8 28. Be7 Qxa2 29. Bxa2 Bb2 30. Bg5 Bxa3 31. Ne5 Bb5 32. Rb1 Bd6 33. Rxb5 Bxe5 34. Rb6 h6 35. Rxg6+ Kf7 36. Rxh6 Nf6 37. d6 Kg7 38. Rh4 c3 39. Be6 Rb8 40. Bxf5 Bxd6 41. Rc4 Rb5 42. g4 Rc5 43. Rxc5 Bxc5 44. Bc2 Nd5 45. Kf1 Nb4 46. Bb3 Nd3 47. f3 Nb2 48. Ke2 a4 49. Ba2 Bb4 50. Bc1 a3 51. Bxb2 cxb2 52. f4 Be7 53. Kf3 Bh4 54. g5 Be1 55. Kg4 Bc3 56. h4 Kg6 57. h5+ Kg7 58. f5 Kh7 59. h6 1-0

[Event "EU-chT (Women) 08th"]
[Site "Novi Sad"]
[Date "2009.10.27"]
[Round "6"]
[White "Stiri, Alexandra"]
[Black "Lakos, Nikoletta"]
[Result "0-1"]
[WhiteElo "2198"]
[BlackElo "2316"]
[PlyCount "112"]
[EventDate "2009.10.22"]
[EventType "team-swiss"]
[EventRounds "9"]
[EventCountry "YUG"]
[SourceTitle "EXT 2010"]
[Source "ChessBase"]
[SourceDate "2010.11.25"]
[SourceVersion "1"]
[SourceVersionDate "2010.11.25"]
[SourceQuality "1"]
[WhiteTeam "Greece (W)"]
[BlackTeam "Hungary (W)"]
[WhiteTeamCountry "GRE"]
[BlackTeamCountry "HUN"]

1. e4 c5 2. Nf3 e6 3. d4 cxd4 4. Nxd4 Nf6 5. Nc3 d6 6. Be3 Be7 7. g4 h6 8. h3 a6 9. Bg2 Qc7 10. Qe2 Nc6 11. f4 Na5 12. 0-0-0 Rb8 13. h4 h5 14. g5 Ng4 15. Bg1 b5 16. Rd3 b4 17. Nd1 g6 18. Ne3 Nxe3 19. Bxe3 e5 20. Nf3 Nc4 21. fxe5 dxe5 22. Bh3 Bxh3 23. Rxh3 0-0 24. Rd5 Rfc8 25. Ne1 Rb5 26. Kb1 Rxd5 27. exd5 Qd7 28. Qg2 e4 29. Bc1 Qxd5 30. Qe2 a5 31. Ng2 Bf8 32. Ne3 Qe6 33. b3 Qxh3 34. Nxc4 Qxh4 35. Nxa5 Qh1 36. Nc4 Rd8 37. Nd2 Be7 38. Nxe4 Rd1 39. Qe3 h4 40. Nf2 Rxc1+ 41. Qxc1 Qxc1+ 42. Kxc1 Bxg5+ 43. Kd1 f5 44. Ke2 Be7 45. Nd1 Kf7 46. c3 g5 47. cxb4 Bxb4 48. Ne3 Ke6 49. Kf3 h3 50. Nf1 g4+ 51. Kg3 Bd6+ 52. Kf2 f4 53. Nd2 Bc5+ 54. Kf1 g3 55. Nf3 g2+ 56. Ke2 h2 0-1

[Event "Athens Acropolis op-A 24th"]
[Site "Chalkida"]
[Date "2009.08.17"]
[Round "8.33"]
[White "Stiri, Alexandra"]
[Black "Botsari, Anna Maria"]
[Result "1/2-1/2"]
[WhiteElo "2163"]
[BlackElo "2298"]
[PlyCount "20"]
[EventDate "2009.08.10"]
[EventType "swiss"]
[EventRounds "9"]
[EventCountry "GRE"]
[SourceTitle "CBM 131 Extra"]
[Source "ChessBase"]
[SourceDate "2009.09.03"]
[SourceVersion "2"]
[SourceVersionDate "2009.09.16"]
[SourceQuality "1"]

1. e4 e5 2. Nf3 Nc6 3. Bb5 Nf6 4. 0-0 Nxe4 5. d4 Nd6 6. dxe5 Nxb5 7. a4 Nbd4 8. Nxd4 Nxd4 9. Qxd4 d6 10. exd6 Qxd6 1/2-1/2

[Event "Athens Acropolis op-A 24th"]
[Site "Chalkida"]
[Date "2009.08.16"]
[Round "7"]
[White "Yilmaz, Mustafa"]
[Black "Stiri, Alexandra"]
[Result "1-0"]
[WhiteElo "2432"]
[BlackElo "2163"]
[PlyCount "77"]
[EventDate "2009.08.10"]
[EventType "swiss"]
[EventRounds "9"]
[EventCountry "GRE"]
[SourceTitle "CBM 131 Extra"]
[Source "ChessBase"]
[SourceDate "2009.09.03"]
[SourceVersion "2"]
[SourceVersionDate "2009.09.16"]
[SourceQuality "1"]

1. e4 c5 2. Nf3 d6 3. d4 cxd4 4. Nxd4 Nf6 5. Nc3 a6 6. Bg5 e6 7. f4 Be7 8. Qf3 Qc7 9. 0-0-0 Nbd7 10. g4 h6 11. Bxf6 Bxf6 12. h4 Qb6 13. Nde2 g5 14. e5 dxe5 15. fxg5 e4 16. Qxe4 hxg5 17. hxg5 Bxg5+ 18. Kb1 Rxh1 19. Qxh1 Nf8 20. Qh5 Be7 21. Bg2 Qf2 22. Qh1 Qh4 23. Bc6+ Nd7 24. Bxd7+ Bxd7 25. Qxb7 Rd8 26. Qg2 e5 27. Rg1 Kf8 28. Qe4 Qg5 29. a3 Be6 30. Qh1 Kg7 31. Ng3 Bxg4 32. Qe4 Kf8 33. Nge2 Bf5 34. Qf3 e4 35. Nxe4 Bxe4 36. Qxe4 Qd5 37. Qh7 Bf6 38. Nf4 Qb7 39. Qh6+ 1-0

[Event "Athens Acropolis op-A 24th"]
[Site "Chalkida"]
[Date "2009.08.15"]
[Round "6"]
[White "Stiri, Alexandra"]
[Black "Charkhalashvili, Inga"]
[Result "1/2-1/2"]
[WhiteElo "2163"]
[BlackElo "2357"]
[PlyCount "44"]
[EventDate "2009.08.10"]
[EventType "swiss"]
[EventRounds "9"]
[EventCountry "GRE"]
[SourceTitle "CBM 131 Extra"]
[Source "ChessBase"]
[SourceDate "2009.09.03"]
[SourceVersion "2"]
[SourceVersionDate "2009.09.16"]
[SourceQuality "1"]

1. e4 c6 2. d4 d5 3. Nd2 dxe4 4. Nxe4 Bf5 5. Ng3 Bg6 6. h4 h6 7. Nf3 Nd7 8. h5 Bh7 9. Bd3 Bxd3 10. Qxd3 e6 11. Bf4 Ngf6 12. 0-0-0 Nd5 13. Bd2 Qc7 14. c4 N5f6 15. Ne4 0-0-0 16. g3 Nxe4 17. Qxe4 Nf6 18. Qe2 c5 19. Bc3 Bd6 20. Kb1 Rhe8 21. dxc5 Qxc5 22. Nd4 a6 1/2-1/2

[Event "Kavala op 18th"]
[Site "Kavala"]
[Date "2009.08.01"]
[Round "1"]
[White "Nevednichy, Vladislav"]
[Black "Stiri, Alexandra"]
[Result "1/2-1/2"]
[WhiteElo "2570"]
[BlackElo "2163"]
[PlyCount "100"]
[EventDate "2009.08.01"]
[EventType "swiss"]
[EventRounds "9"]
[EventCountry "GRE"]
[SourceTitle "CBM 131 Extra"]
[Source "ChessBase"]
[SourceDate "2009.09.03"]
[SourceVersion "2"]
[SourceVersionDate "2009.09.16"]
[SourceQuality "1"]

1. e4 c5 2. Nc3 Nc6 3. Bb5 Nd4 4. Bc4 e6 5. Nf3 Nf6 6. d3 d5 7. Bb3 Be7 8. 0-0 0-0 9. Bg5 Nxb3 10. axb3 h6 11. Bh4 d4 12. Ne2 b6 13. b4 Bb7 14. bxc5 bxc5 15. Ne5 Nd7 16. Nxd7 Qxd7 17. Bxe7 Qxe7 18. b3 a5 19. Qd2 Qc7 20. Ra3 Ra7 21. Rfa1 Rfa8 22. Ng3 Bc6 23. Ne2 Qb6 24. h3 a4 25. Rb1 axb3 26. Raxb3 Qc7 27. R3b2 e5 28. Ng3 Ra4 29. Qe2 Ra2 30. Nf5 Kh7 31. Qh5 Rxb2 32. Rxb2 c4 33. dxc4 Bxe4 34. Qg4 Bxf5 35. Qxf5+ Kg8 36. Qe4 Rc8 37. Rb4 Qc5 38. Rb5 Qxc4 39. Rxe5 g6 40. g3 Qxc2 41. Qxd4 Qc6 42. Kh2 Rb8 43. Rc5 Qf3 44. Rc3 Qf5 45. g4 Qe6 46. Re3 Qc6 47. Qf4 Rb1 48. Re4 Kg7 49. h4 Qc1 50. Qxc1 Rxc1 1/2-1/2

[Event "GRE-chT 37th"]
[Site "Kallithea"]
[Date "2009.07.07"]
[Round "7"]
[White "Botsari, Anna Maria"]
[Black "Stiri, Alexandra"]
[Result "1/2-1/2"]
[WhiteElo "2298"]
[BlackElo "2163"]
[PlyCount "24"]
[EventDate "2009.07.03"]
[EventType "team-tourn"]
[EventRounds "9"]
[EventCountry "GRE"]
[SourceTitle "CBM 131 Extra"]
[Source "ChessBase"]
[SourceDate "2009.09.03"]
[SourceVersion "2"]
[SourceVersionDate "2009.09.16"]
[SourceQuality "1"]

1. d4 d5 2. c4 dxc4 3. Nf3 Nf6 4. e3 e6 5. Bxc4 c5 6. 0-0 a6 7. b3 Nc6 8. Bb2 cxd4 9. Nxd4 Bd7 10. Nd2 Nxd4 11. Bxd4 Bc6 12. Nf3 Be7 1/2-1/2

[Event "GRE-chT 37th"]
[Site "Kallithea"]
[Date "2009.07.06"]
[Round "6"]
[White "Stiri, Alexandra"]
[Black "Stefanidi, Maria Anna"]
[Result "1/2-1/2"]
[WhiteElo "2163"]
[BlackElo "2120"]
[PlyCount "132"]
[EventDate "2009.07.03"]
[EventType "team-tourn"]
[EventRounds "9"]
[EventCountry "GRE"]
[SourceTitle "CBM 131 Extra"]
[Source "ChessBase"]
[SourceDate "2009.09.03"]
[SourceVersion "2"]
[SourceVersionDate "2009.09.16"]
[SourceQuality "1"]

1. e4 b6 2. d4 Bb7 3. Bd3 e6 4. Qe2 d6 5. f4 Nd7 6. Nf3 g6 7. 0-0 Bg7 8. c3 Qe7 9. a4 d5 10. e5 h5 11. Na3 a6 12. Nc2 c5 13. b3 Qd8 14. Ne3 Ne7 15. Ba3 Nc6 16. Bc2 Bh6 17. g3 Bf8 18. Rfd1 Be7 19. Bb2 Qc7 20. Rac1 b5 21. axb5 axb5 22. dxc5 Bxc5 23. b4 Bb6 24. Nd4 Bxd4 25. cxd4 Qb6 26. Bd3 Ra2 27. Ra1 Rxa1 28. Bxa1 Nxd4 29. Bxd4 Qxd4 30. Bxb5 Qb6 31. Qd3 Ke7 32. Bxd7 Kxd7 33. Qd4 Qxd4 34. Rxd4 Ra8 35. Nc4 Ra1+ 36. Kf2 Ba6 37. Nd6 Ra2+ 38. Ke3 Kc6 39. Nxf7 Re2+ 40. Kf3 Rxh2 41. Nh8 Be2+ 42. Ke3 Bg4 43. Nxg6 Rg2 44. Ne7+ Kd7 45. Ng8 Rxg3+ 46. Kf2 h4 47. Nf6+ Kc6 48. Nxg4 Rxg4 49. Kf3 Rg3+ 50. Kf2 Rg7 51. f5 exf5 52. Rxh4 Re7 53. Rh6+ Kb5 54. e6 Kxb4 55. Ke3 Kc4 56. Kf4 d4 57. Kxf5 Kc3 58. Kf6 Re8 59. Kf7 Ra8 60. e7 d3 61. Rc6+ Kb2 62. Rd6 Kc2 63. Rd8 Ra7 64. Kf6 Rxe7 65. Kxe7 d2 66. Rxd2+ Kxd2 1/2-1/2

[Event "Olympiad Women-38"]
[Site "Dresden"]
[Date "2008.11.19"]
[Round "6"]
[White "Driza, Arta"]
[Black "Stiri, Alexandra"]
[Result "0-1"]
[WhiteElo "1959"]
[BlackElo "2171"]
[PlyCount "66"]
[EventDate "2008.11.13"]
[EventType "team-swiss"]
[EventRounds "11"]
[EventCountry "GER"]
[SourceTitle "CBM 128"]
[Source "ChessBase"]
[SourceDate "2009.01.28"]
[SourceVersion "1"]
[SourceVersionDate "2009.01.28"]
[SourceQuality "1"]
[WhiteTeam "Albania (W)"]
[BlackTeam "Greece (W)"]
[WhiteTeamCountry "ALB"]
[BlackTeamCountry "GRE"]

1. e4 c5 2. Nf3 d6 3. d4 cxd4 4. Nxd4 Nf6 5. Nc3 a6 6. Bg5 e6 7. f4 Qb6 8. Nb3 Be7 9. Qf3 h6 10. Bxf6 Bxf6 11. 0-0-0 Nd7 12. g4 g5 13. h4 gxf4 14. Qxf4 Be5 15. Qf3 Nf6 16. Be2 Rg8 17. Rdg1 Bd7 18. g5 0-0-0 19. Rd1 hxg5 20. hxg5 Rxg5 21. Rh6 Rg3 22. Rxf6 Rxf3 23. Rxf3 Bc6 24. Rxf7 Qe3+ 25. Rd2 Bxc3 26. bxc3 Bxe4 27. Kb2 Kb8 28. Bg4 Rc8 29. Bxe6 Qxc3+ 30. Kb1 Bxc2+ 31. Rxc2 Qxc2+ 32. Ka1 Qd1+ 33. Kb2 Qe2+ 0-1

[Event "GRE-ch (Women) 31st"]
[Site "Veroia"]
[Date "2008.09.12"]
[Round "9.5"]
[White "Papadopoulou, Vera"]
[Black "Stiri, Alexandra"]
[Result "0-1"]
[WhiteElo "2210"]
[BlackElo "2149"]
[PlyCount "90"]
[EventDate "2008.09.04"]
[EventType "tourn"]
[EventRounds "9"]
[EventCountry "GRE"]
[SourceTitle "EXT 2024"]
[Source "ChessBase"]
[SourceDate "2023.10.10"]
[SourceVersion "1"]
[SourceVersionDate "2023.10.10"]
[SourceQuality "1"]

1. Nf3 Nf6 2. c4 c5 3. g3 Nc6 4. Bg2 d5 5. cxd5 Qxd5 6. Nc3 Qd8 7. d3 e6 8. 0-0 Be7 9. Bd2 Bd7 10. Rc1 Rc8 11. Na4 b6 12. b3 0-0 13. Nb2 Ne8 14. Nc4 f6 15. a3 e5 16. Re1 Be6 17. Be3 Qd7 18. Qc2 Nd4 19. Qb2 b5 20. Ncd2 Nc7 21. Bxd4 cxd4 22. e4 dxe3 23. Rxe3 Nd5 24. Ree1 b4 25. a4 Rxc1 26. Rxc1 Nc3 27. Ne4 Qxd3 28. Nxc3 bxc3 29. Qxc3 Qxc3 30. Rxc3 Bb4 31. Rc7 a5 32. Bf1 Bxb3 33. Bc4+ Bxc4 34. Rxc4 Rd8 35. h4 Rd1+ 36. Kg2 Ra1 37. h5 Rxa4 38. Nh4 Ra2 39. Rc8+ Kf7 40. Rc7+ Ke6 41. Rxg7 h6 42. Rg6 e4 43. Kf1 Bc5 44. Rxh6 Rxf2+ 45. Ke1 e3 0-1

[Event "GRE-ch (Women) 31st"]
[Site "Greece"]
[Date "2008.09.06"]
[Round "3.2"]
[White "Fakhiridou, Ekaterini"]
[Black "Stiri, Alexandra"]
[Result "1-0"]
[WhiteElo "2274"]
[BlackElo "2149"]
[PlyCount "55"]
[EventDate "2008.09.04"]
[EventType "tourn"]
[EventRounds "9"]
[EventCountry "GRE"]
[SourceTitle "EXT 2010"]
[Source "ChessBase"]
[SourceDate "2010.11.25"]
[SourceVersion "1"]
[SourceVersionDate "2010.11.25"]
[SourceQuality "1"]

1. e4 c5 2. Nf3 d6 3. d4 cxd4 4. Nxd4 Nf6 5. Nc3 a6 6. Be2 e5 7. Nb3 Be7 8. 0-0 0-0 9. Kh1 Nc6 10. f4 exf4 11. Bxf4 Be6 12. Nd4 Nxd4 13. Qxd4 d5 14. e5 Nd7 15. Nxd5 Bc5 16. Qe4 Re8 17. Rad1 Rc8 18. c4 Qh4 19. Qf3 Bf8 20. b3 Rc6 21. Ne3 Kh8 22. g3 Qd8 23. Bd3 Qa5 24. Be4 Rc5 25. Bd5 Bxd5 26. Nxd5 Nxe5 27. Bxe5 Rxe5 28. Qxf7 1-0

[Event "GRE-ch (Women) 31st"]
[Site "Greece"]
[Date "2008.09.04"]
[Round "1.1"]
[White "Stiri, Alexandra"]
[Black "Markantonaki, Haritomeni"]
[Result "1-0"]
[WhiteElo "2149"]
[BlackElo "2077"]
[PlyCount "79"]
[EventDate "2008.09.04"]
[EventType "tourn"]
[EventRounds "9"]
[EventCountry "GRE"]
[SourceTitle "EXT 2010"]
[Source "ChessBase"]
[SourceDate "2010.11.25"]
[SourceVersion "1"]
[SourceVersionDate "2010.11.25"]
[SourceQuality "1"]

1. e4 e5 2. Nf3 Nc6 3. d4 exd4 4. Nxd4 Nf6 5. Nxc6 bxc6 6. Qe2 Qe7 7. e5 Nd5 8. c4 Nb6 9. Nc3 Qe6 10. Qe4 g6 11. Bd2 Bg7 12. c5 Nd5 13. f4 Rb8 14. 0-0-0 0-0 15. Bc4 Bb7 16. Qf3 d6 17. g4 dxe5 18. f5 e4 19. Qxe4 Qxe4 20. Nxe4 gxf5 21. gxf5 Bc8 22. Rhg1 Bxf5 23. Bxd5 cxd5 24. Bc3 Bg6 25. Rxd5 Rbd8 26. Bxg7 Kxg7 27. Nc3 Rxd5 28. Nxd5 Rb8 29. a3 a5 30. Rg4 f5 31. Ra4 Rb5 32. b4 axb4 33. axb4 c6 34. Ne7 f4 35. Nxc6 f3 36. Kd2 Be4 37. Nd4 Rb8 38. Ke3 Ba8 39. c6 Rd8 40. Ne6+ 1-0

[Event "Athens Acropolis op"]
[Site "Athens"]
[Date "2008.08.17"]
[Round "9"]
[White "Simeonidis, Ioannis"]
[Black "Stiri, Alexandra"]
[Result "1/2-1/2"]
[WhiteElo "2275"]
[BlackElo "2149"]
[PlyCount "41"]
[EventDate "2008.08.09"]
[EventType "swiss"]
[EventRounds "9"]
[EventCountry "GRE"]
[SourceTitle "CBM 125 Extra"]
[Source "ChessBase"]
[SourceDate "2008.09.01"]
[SourceVersion "1"]
[SourceVersionDate "2008.09.01"]
[SourceQuality "1"]

1. d4 Nf6 2. Nf3 g6 3. c4 Bg7 4. Nc3 d6 5. e4 0-0 6. Be2 e5 7. 0-0 c6 8. d5 cxd5 9. cxd5 Na6 10. Nd2 Bh6 11. Nc4 Bxc1 12. Qxc1 b5 13. Nd2 b4 14. Na4 Bd7 15. Qc4 Nc7 16. Qxb4 Rb8 17. Qa3 Nb5 18. Bxb5 Bxb5 19. Rfe1 Bxa4 20. Qxa4 Rxb2 21. Nc4 1/2-1/2

[Event "Athens Acropolis op"]
[Site "Athens"]
[Date "2008.08.16"]
[Round "8"]
[White "Stiri, Alexandra"]
[Black "Goumas, Georgios"]
[Result "1/2-1/2"]
[WhiteElo "2149"]
[BlackElo "2276"]
[PlyCount "32"]
[EventDate "2008.08.09"]
[EventType "swiss"]
[EventRounds "9"]
[EventCountry "GRE"]
[SourceTitle "CBM 125 Extra"]
[Source "ChessBase"]
[SourceDate "2008.09.01"]
[SourceVersion "1"]
[SourceVersionDate "2008.09.01"]
[SourceQuality "1"]

1. e4 c5 2. Nf3 e6 3. d4 cxd4 4. Nxd4 Nf6 5. Nc3 Qb6 6. e5 Bc5 7. Be3 Nd5 8. Nxd5 exd5 9. Nf5 Qxb2 10. Nxg7+ Kd8 11. Bxc5 Qc3+ 12. Ke2 Qxc5 13. Qd2 Qc4+ 14. Ke1 Qe4+ 15. Qe2 Qb4+ 16. Qd2 Qe4+ 1/2-1/2

[Event "Athens Acropolis op"]
[Site "Athens"]
[Date "2008.08.14"]
[Round "6"]
[White "Aloma Vidal, Roberto"]
[Black "Stiri, Alexandra"]
[Result "1-0"]
[WhiteElo "2388"]
[BlackElo "2149"]
[PlyCount "149"]
[EventDate "2008.08.09"]
[EventType "swiss"]
[EventRounds "9"]
[EventCountry "GRE"]
[SourceTitle "CBM 125 Extra"]
[Source "ChessBase"]
[SourceDate "2008.09.01"]
[SourceVersion "1"]
[SourceVersionDate "2008.09.01"]
[SourceQuality "1"]

1. d4 Nf6 2. Nf3 g6 3. c4 Bg7 4. Nc3 d6 5. e4 0-0 6. Be2 Na6 7. 0-0 Qe8 8. Bf4 e5 9. dxe5 Nh5 10. Be3 dxe5 11. c5 Nf4 12. a3 b6 13. b4 Bb7 14. Rc1 Rd8 15. Qc2 Nxe2+ 16. Qxe2 f5 17. c6 Bc8 18. Bg5 Rd6 19. Nd5 Rf7 20. Qc4 Be6 21. Rfd1 h6 22. Qxa6 fxe4 23. Nxc7 Rxd1+ 24. Rxd1 Qxc6 25. Rc1 Qd7 26. Nxe6 Qxe6 27. Nd2 hxg5 28. Nxe4 Qf5 29. Qc8+ Rf8 30. Qxf5 gxf5 31. Nxg5 Bh6 32. h4 Rd8 33. Rc7 Rd1+ 34. Kh2 Rd2 35. f3 a6 36. Rc6 Bxg5 37. Rg6+ Kf7 38. Rxg5 Kf6 39. Rg8 Rd3 40. h5 Kf7 41. Rg5 Rxa3 42. Rxf5+ Kg7 43. Rg5+ Kh6 44. Rxe5 Ra4 45. Re6+ Kxh5 46. Rxb6 Kh4 47. b5 axb5 48. Rxb5 Ra2 49. Rb4+ Kg5 50. Kg3 Rc2 51. Rb5+ Kf6 52. Kh3 Rf2 53. Kg3 Ra2 54. f4 Rc2 55. Kf3 Rc3+ 56. Kg4 Rc6 57. Rh5 Kg6 58. g3 Rc3 59. f5+ Kg7 60. Rg5+ Kf7 61. Rg6 Rb3 62. Rd6 Kg7 63. Kf4 Ra3 64. g4 Ra4+ 65. Kg5 Ra7 66. Rg6+ Kh7 67. Rh6+ Kg7 68. f6+ Kg8 69. Rh2 Rb7 70. Re2 Rb8 71. Kf5 Kf7 72. Re7+ Kf8 73. g5 Kg8 74. Kg6 Kf8 75. Kh7 1-0

[Event "Athens Acropolis op"]
[Site "Athens"]
[Date "2008.08.11"]
[Round "3"]
[White "Filippas, Sebastian"]
[Black "Stiri, Alexandra"]
[Result "0-1"]
[WhiteElo "2240"]
[BlackElo "2149"]
[PlyCount "114"]
[EventDate "2008.08.09"]
[EventType "swiss"]
[EventRounds "9"]
[EventCountry "GRE"]
[SourceTitle "CBM 125 Extra"]
[Source "ChessBase"]
[SourceDate "2008.09.01"]
[SourceVersion "1"]
[SourceVersionDate "2008.09.01"]
[SourceQuality "1"]

1. d4 Nf6 2. c4 g6 3. Nc3 Bg7 4. e4 d6 5. Bg5 a6 6. h3 Nbd7 7. Nf3 0-0 8. Be2 c6 9. 0-0 Qc7 10. Rc1 Re8 11. Re1 h6 12. Be3 e5 13. d5 c5 14. Rf1 Nf8 15. Ne1 Bd7 16. Nd3 b5 17. cxb5 axb5 18. b4 c4 19. Ne1 Ra3 20. Bd2 g5 21. Nc2 Rxc3 22. Bxc3 Nxe4 23. Be1 Qa7 24. Kh1 f5 25. f3 Nf6 26. a4 Ng6 27. axb5 Bxb5 28. Bf2 Qa8 29. Ne3 Nf4 30. Bxc4 Bxc4 31. Nxc4 N6xd5 32. Nxd6 Rf8 33. Qb3 Kh7 34. Bc5 Ne2 35. Ra1 Qc6 36. Rfd1 Nd4 37. Bxd4 exd4 38. Nc4 Rb8 39. Qd3 Kh8 40. Rdc1 Qd7 41. Ra5 Rxb4 42. Nd6 Qxd6 43. Rc8+ Bf8 44. Raa8 Ne3 45. Rxf8+ Kg7 46. Rg8+ Kh7 47. Rh8+ Kg7 48. Rag8+ Kf7 49. Ra8 Rc4 50. Qb3 Kg6 51. Rag8+ Kh5 52. g4+ Kh4 53. Qb1 Rc2 54. Qg1 Rg2 55. Qxg2 Nxg2 56. Kxg2 Qg3+ 57. Kf1 Qxf3+ 0-1

[Event "EU-ch (Women) 9th"]
[Site "Plovdiv"]
[Date "2008.04.26"]
[Round "6"]
[White "Galunova, Tsveta"]
[Black "Stiri, Alexandra"]
[Result "1/2-1/2"]
[WhiteElo "1816"]
[BlackElo "2193"]
[PlyCount "143"]
[EventDate "2008.04.21"]
[EventType "swiss"]
[EventRounds "11"]
[EventCountry "BUL"]
[SourceTitle "CBM 123 Extra"]
[Source "ChessBase"]
[SourceDate "2008.05.06"]
[SourceVersion "1"]
[SourceVersionDate "2008.05.06"]
[SourceQuality "1"]

1. e4 c5 2. c3 Nf6 3. e5 Nd5 4. Nf3 e6 5. d4 cxd4 6. cxd4 d6 7. Nc3 Nxc3 8. bxc3 Qc7 9. Bd2 Nd7 10. exd6 Bxd6 11. Bd3 b6 12. 0-0 Bb7 13. h3 0-0 14. Re1 Bf4 15. Ng5 h6 16. Ne4 Bxe4 17. Bxf4 Qxf4 18. Rxe4 Qd6 19. Qf3 Rac8 20. Rh4 f5 21. Ba6 Rc7 22. Re1 Rf6 23. d5 e5 24. Rc4 Nc5 25. Bb5 e4 26. Qd1 a6 27. Bc6 Nd3 28. Re2 Ne5 29. Rd4 Rg6 30. Kh1 Nxc6 31. dxc6 Qxc6 32. Qb3+ Kh7 33. Rd8 Qc4 34. Qxc4 Rxc4 35. Rf8 Rf6 36. Ra8 b5 37. Rd2 Rxc3 38. Ra7 e3 39. fxe3 Rxe3 40. Rf2 f4 41. Kh2 Ra3 42. Rd7 f3 43. Ra7 b4 44. gxf3 Rfxf3 45. Rxf3 Rxf3 46. Rxa6 Ra3 47. Rb6 Rxa2+ 48. Kg3 Rb2 49. Kf4 b3 50. Kg3 Rb1 51. Kh2 b2 52. Kg2 g5 53. Kh2 Kg7 54. Kg2 Kf7 55. Kh2 Ke7 56. Kg2 Kd7 57. Kh2 Kc7 58. Rb3 Kc6 59. Kg2 Kc5 60. Rb8 Kd4 61. Rd8+ Ke4 62. Re8+ Kf5 63. Rf8+ Kg6 64. Rb8 h5 65. Rg8+ Kf7 66. Rb8 g4 67. hxg4 hxg4 68. Rb6 Ke7 69. Kh2 Kd7 70. Kg2 Kc7 71. Rb3 Kc6 72. Rb8 1/2-1/2

[Event "Athens Acropolis op"]
[Site "Athens"]
[Date "2007.08.14"]
[Round "1.13"]
[White "Stiri, Alexandra"]
[Black "Romanishin, Oleg M"]
[Result "0-1"]
[WhiteElo "2251"]
[BlackElo "2546"]
[PlyCount "108"]
[EventDate "2007.08.14"]
[EventType "swiss"]
[EventRounds "9"]
[EventCountry "GRE"]
[SourceTitle "CBM 119 Extra"]
[Source "ChessBase"]
[SourceDate "2007.09.04"]
[SourceVersion "1"]
[SourceVersionDate "2007.09.04"]
[SourceQuality "1"]

1. e4 e5 2. Nf3 Nc6 3. d4 exd4 4. Nxd4 Bc5 5. Be3 Qf6 6. c3 Qg6 7. Nxc6 Bxe3 8. Nd4 Bh6 9. Nf5 Ne7 10. Nxh6 Qxh6 11. Bd3 Ng6 12. 0-0 0-0 13. Re1 Ne5 14. Na3 d6 15. Nc4 Bg4 16. f3 Be6 17. Nxe5 dxe5 18. Qe2 Rfd8 19. Red1 Rd6 20. Bc4 Bxc4 21. Qxc4 Rad8 22. Rxd6 Qxd6 23. Kf1 g6 24. Qe2 h5 25. Ke1 Qb6 26. Kf1 a5 27. b3 Qd6 28. Rc1 c6 29. Rc2 b5 30. Ke1 Qc5 31. Qf2 Qxf2+ 32. Kxf2 Rd1 33. Ke2 Ra1 34. Kd3 Kf8 35. c4 b4 36. Ke2 Ke7 37. Rd2 Ke6 38. Rc2 Kd6 39. c5+ Kc7 40. Kd2 Kb7 41. Kd3 Ka6 42. f4 exf4 43. Rf2 Kb5 44. Kd4 f6 45. Rxf4 Rxa2 46. g3 Rd2+ 47. Ke3 Rb2 48. Rxf6 Kxc5 49. Rxg6 Rxb3+ 50. Kf4 a4 51. Rg5+ Kb6 52. e5 a3 53. e6 a2 54. e7 a1Q 0-1

[Event "Crete Summer Cup 2nd"]
[Site "Agios Nikolaos"]
[Date "2007.07.23"]
[Round "3"]
[White "Sfougatakis, Nikolaos"]
[Black "Stiri, Alexandra"]
[Result "1-0"]
[WhiteElo "2009"]
[BlackElo "2251"]
[PlyCount "67"]
[EventDate "2007.07.21"]
[EventType "swiss"]
[EventRounds "9"]
[EventCountry "GRE"]
[SourceTitle "CBM 119 Extra"]
[Source "ChessBase"]
[SourceDate "2007.09.04"]
[SourceVersion "1"]
[SourceVersionDate "2007.09.04"]
[SourceQuality "1"]

1. d4 Nf6 2. c4 e6 3. Nf3 c5 4. d5 exd5 5. cxd5 d6 6. Nc3 g6 7. e4 a6 8. a4 Bg7 9. h3 0-0 10. Bd3 Re8 11. 0-0 Nbd7 12. Re1 Qc7 13. Bf4 Rb8 14. Bc4 Nh5 15. Bh2 Ne5 16. Nxe5 Bxe5 17. Bxe5 Rxe5 18. Qd2 g5 19. a5 Bd7 20. Na4 Bxa4 21. Rxa4 Rbe8 22. Bf1 h6 23. Rc4 f5 24. b4 fxe4 25. bxc5 Nf6 26. c6 Rxd5 27. Qb2 Qe7 28. Qxb7 Qe5 29. c7 Rc5 30. Rec1 Qf5 31. Rxc5 dxc5 32. Bxa6 Qe5 33. c8Q e3 34. Qb3+ 1-0

[Event "Crete Summer Cup 2nd"]
[Site "Agios Nikolaos"]
[Date "2007.07.21"]
[Round "1"]
[White "Boutsioukis, Nikolaos"]
[Black "Stiri, Alexandra"]
[Result "0-1"]
[WhiteElo "1824"]
[BlackElo "2251"]
[PlyCount "42"]
[EventDate "2007.07.21"]
[EventType "swiss"]
[EventRounds "9"]
[EventCountry "GRE"]
[SourceTitle "CBM 119 Extra"]
[Source "ChessBase"]
[SourceDate "2007.09.04"]
[SourceVersion "1"]
[SourceVersionDate "2007.09.04"]
[SourceQuality "1"]

1. d4 Nf6 2. c4 e6 3. Nc3 c5 4. d5 exd5 5. cxd5 d6 6. e4 g6 7. f4 Bg7 8. Bb5+ Nfd7 9. Nf3 0-0 10. 0-0 a6 11. Bd3 b5 12. Re1 Re8 13. a4 c4 14. Bc2 b4 15. Ne2 Nc5 16. Ned4 Bg4 17. a5 Nd3 18. Nc6 Nxc6 19. Bxd3 Nxa5 20. Qa4 Nb3 21. Rb1 Nc5 0-1